00888nam a22002057a 4500003000900000005001700009007000300026008004100029020001800070040002500088082001400113100002800127245015400155250001100309260017200320300002800492500005700520500007300577504003200650DO-SdBNP20250205124809.0ta221007b2020 dr a|||| |||| 00| 0 spa d a9789945926712 aDO-SdBNPbspacBNPHU 4bL925r2221 aLozano, Wilfredod1950-13aEl reformismo dependiente :bpolítica, economía y sociedad en el gobierno de los doce años de Joaquín Balaguer, 1966-1978 /cWilfredo Lozano. a2a ed. aSanto Domingo :bFundación Friedrich Ebert Stiftung;bInstitutto de Investigación Social para el Desarrollo;bFacultad Latinoamericana de Ciencias Sociales,c2020. a485 p. ;bil. ;c23 cm. aIncluye datos biográficos del autor en las solapas aIncluye referencias bibliográficas y notas al pie de las páginas aBibliografía : p. 417-441